Normal view
MARC view
Entry Personal Name
001 - CONTROL NUMBER
- control field: 31515
003 - CONTROL NUMBER IDENTIFIER
- control field: ARRUPE
005 - DATE AND TIME OF LATEST TRANSACTION
- control field: 20170529124320.0
008 - FIXED-LENGTH DATA ELEMENTS
- fixed length control field: 170529|| aca||aabn | a|a d
040 ## - CATALOGING SOURCE
- Original cataloging agency: ARRUPE
- Transcribing agency: ARRUPE
100 ## - HEADING--PERSONAL NAME
- Personal name: Falola, Toyin.
670 ## - SOURCE DATA FOUND
- Source citation: Work cat.: (ARRUPE)3898: Ajayi, J. F. Ade. 3821, Tradition and change in Africa :, c2000.